000
00286nam a22001337a 4500
003
SGT
082
_a
070
_b
S72B
100
_a
BATRA, GULAB
245
_a
SAMACHARO KI DUNIYA ME
260
_b
VEGYANIK DRISTHIKON SOCIETY
_c
1972
300
_a
212
650
_a
JOURNALISM
942
_2
ddc
_c
BK
999
_c
28419
_d
28419